| 000 | 00440nam a2200205Ia 4500 | ||
|---|---|---|---|
| 003 | IT-RoPAU | ||
| 008 | 120407s9999 xx 000 0 und d | ||
| 040 | _aIT-RoPAU | ||
| 040 | _cIT-RoPAU | ||
| 041 | _aita | ||
| 100 | _aCorrado M. Berti | ||
| 245 | _a"Dottrina mariana di papa Benedetto XV Studio" | ||
| 250 | _aRoma | ||
| 260 | _aMarianum | ||
| 260 | _c1966 | ||
| 300 | _c23 cm | ||
| 490 | _v22 | ||
| 942 | _cBK | ||
| 999 |
_c23288 _d23288 |
||